Xanadu : la biblioteca ideale /

Gespeichert in:
Bibliographische Detailangaben
Körperschaft: Hamelin (associazione culturale) (Herausgegeben von)
Format: Buch
Sprache:Italienisch
Veröffentlicht: Bologna : Hamelin, c2009
Tags: Tag hinzufügen
Keine Tags, Fügen Sie das erste Tag hinzu!

MARC

LEADER 00000nam a22000007i 4500
001 IT\ICCU\UBO\3721513
003 ItRI
005 20260115232444.0
008 091116s2009 it |||||| ||||| |||||c
040 |b ita  |c importazione bologna sebina 
041 7 |a ita  |2 ISO-639-2 
245 0 0 |a Xanadu :  |b la biblioteca ideale /  |c a cura di Hamelin Associazione Culturale. 
260 |a Bologna :  |b Hamelin,  |c c2009 
300 |a 207 p. :  |b ill. ;  |c 21 cm 
710 2 |a Hamelin (associazione culturale)  |0 IT\ICCU\RAVV\104016  |4 edt 
942 |2 ddc  |c BK  |n 0 
952 |0 0  |1 0  |4 0  |6 R_016_809000000000000_HAM  |7 0  |9 26079  |a BO  |b BO  |d 2026-01-15  |i 20912  |l 0  |o R 016.809 HAM  |p BO20912  |r 2026-01-15 23:24:44  |w 2026-01-15  |x [Sebina 5] [1 v.]  |y BK  |z 1 v. 
999 |c 22075  |d 22075